[Event "Florianopolis op 5th"]
[Site "Florianopolis"]
[Date "2019.01.25"]
[Round "7"]
[White "Lopes, Leonardo Borges"]
[Black "Masselli, Eduardo"]
[Result "0-1"]
[WhiteElo "1327"]
[BlackElo "1700"]
[PlyCount "74"]
[EventDate "2019.01.21"]
[EventType "swiss"]
[EventRounds "10"]
[EventCountry "BRA"]
[SourceTitle "CBM 188 Extra"]
[Source "ChessBase"]
[SourceDate "2019.02.26"]
[SourceVersion "1"]
[SourceVersionDate "2019.02.26"]
[SourceQuality "1"]

1. d4 d5 2. c4 e6 3. Nc3 Nf6 4. Bf4 Bd6 5. Bg3 0-0 6. e3 c5 7. cxd5 exd5 8. Bxd6 Qxd6 9. dxc5 Qxc5 10. Nf3 Nc6 11. a3 Be6 12. Rc1 Qa5 13. Nd4 Rac8 14. Be2 Nxd4 15. Qxd4 Ne4 16. 0-0 Nxc3 17. Rxc3 Rxc3 18. Qxc3 Qxc3 19. bxc3 Rc8 20. Rc1 Kf8 21. g4 Rc5 22. h3 Ra5 23. Ra1 h5 24. f4 b6 25. Kf2 Ke7 26. f5 Bd7 27. c4 hxg4 28. hxg4 dxc4 29. Bxc4 Ra4 30. Be2 g6 31. fxg6 fxg6 32. Kg3 g5 33. Ra2 Be6 34. Ra1 Re4 35. Bf3 Rxe3 36. Kf2 Rc3 37. Re1 Kf6 0-1

[Event "Florianopolis op 5th"]
[Site "Florianopolis"]
[Date "2019.01.21"]
[Round "1"]
[White "Jodorcovsky Werjivker, Paulo"]
[Black "Masselli, Eduardo"]
[Result "1-0"]
[WhiteElo "2259"]
[BlackElo "1700"]
[PlyCount "63"]
[EventDate "2019.01.21"]
[EventType "swiss"]
[EventRounds "10"]
[EventCountry "BRA"]
[SourceTitle "CBM 188 Extra"]
[Source "ChessBase"]
[SourceDate "2019.02.26"]
[SourceVersion "1"]
[SourceVersionDate "2019.02.26"]
[SourceQuality "1"]

1. d4 d5 2. c4 e6 3. Nc3 Nf6 4. cxd5 exd5 5. Bg5 Be7 6. e3 0-0 7. Bd3 Nbd7 8. Nge2 c6 9. Qc2 Re8 10. 0-0 h6 11. Bf4 Nf8 12. h3 Bd6 13. Rad1 Ne6 14. Bxd6 Qxd6 15. Ng3 Ng5 16. a3 Rxe3 17. fxe3 Qxg3 18. Bf5 Bxf5 19. Qxf5 Qxe3+ 20. Kh2 Nge4 21. Nxe4 Qxe4 22. Qf2 Re8 23. Rde1 Qg6 24. Rxe8+ Nxe8 25. Kg1 Nf6 26. Qf4 Qe4 27. Qb8+ Kh7 28. Qe5 Kg6 29. Re1 Qh4 30. Re3 Ne4 31. Rf3 Nf6 32. Qf5# 1-0

[Event "BRA-ch U16"]
[Site "Sao Paulo"]
[Date "2018.03.31"]
[Round "4"]
[White "Labussiere, Victor"]
[Black "Masselli, Eduardo"]
[Result "1-0"]
[WhiteElo "1938"]
[BlackElo "1710"]
[PlyCount "57"]
[EventDate "2018.03.29"]
[EventType "swiss"]
[EventRounds "6"]
[EventCountry "BRA"]
[SourceTitle "EXT 2019"]
[Source "ChessBase"]
[SourceDate "2018.10.10"]
[SourceVersion "1"]
[SourceVersionDate "2018.10.10"]
[SourceQuality "1"]

1. d4 d5 2. c4 e6 3. Nc3 Nf6 4. cxd5 exd5 5. Bg5 Be7 6. e3 Nbd7 7. Bd3 0-0 8. Nge2 c6 9. Qc2 Re8 10. 0-0 Ne4 11. Bxe4 dxe4 12. Bf4 f5 13. Nd5 Nf6 14. Nc7 Bd7 15. Qb3+ Kh8 16. Nxe8 Nxe8 17. Qxb7 Nd6 18. Qb3 Qf8 19. Rac1 g5 20. Be5+ Bf6 21. Qb4 Bxe5 22. dxe5 Nf7 23. Qd4 Be6 24. Rxc6 Rd8 25. Qxa7 Ra8 26. Qc5 Qxc5 27. Rxc5 Re8 28. Nd4 Kg7 29. a4 1-0

[Event "Florianopolis op 4th"]
[Site "Florianopolis"]
[Date "2018.01.24"]
[Round "9"]
[White "Masselli, Eduardo"]
[Black "Mariot Vaz, Joao Antonio Bertol"]
[Result "1-0"]
[WhiteElo "1693"]
[BlackElo "1281"]
[PlyCount "79"]
[EventDate "2018.01.19"]
[EventType "swiss"]
[EventRounds "10"]
[EventCountry "BRA"]
[SourceTitle "EXT 2019"]
[Source "ChessBase"]
[SourceDate "2018.10.10"]
[SourceVersion "1"]
[SourceVersionDate "2018.10.10"]
[SourceQuality "1"]

1. e4 c5 2. Nf3 d6 3. d4 cxd4 4. Nxd4 Nf6 5. Nc3 e6 6. Be3 Be7 7. Bc4 0-0 8. Bb3 a6 9. f3 Nbd7 10. 0-0 Qc7 11. Qd2 b6 12. Rad1 Bb7 13. Bg5 h6 14. Bxh6 gxh6 15. Qxh6 Qc5 16. Kh1 Qh5 17. Qxh5 Nxh5 18. Nxe6 fxe6 19. Bxe6+ Rf7 20. Bxd7 Bc8 21. Bc6 Ra7 22. Bd5 Bf6 23. Bxf7+ Kxf7 24. Rxd6 b5 25. g3 Bxc3 26. bxc3 Rc7 27. Rd3 Be6 28. Rfd1 Bxa2 29. Rd7+ Rxd7 30. Rxd7+ Ke6 31. Ra7 Bb1 32. Rxa6+ Kd7 33. Rb6 Bxc2 34. Rxb5 Nf6 35. Kg2 Kc6 36. Rf5 Nxe4 37. fxe4 Bxe4+ 38. Rf3 Kd5 39. Kf2 Bxf3 40. Kxf3 1-0

[Event "Florianopolis zt 2.4"]
[Site "Florianopolis"]
[Date "2017.04.28"]
[Round "4"]
[White "Farias, Edilsom"]
[Black "Masselli, Eduardo"]
[Result "1-0"]
[WhiteElo "1845"]
[BlackElo "1665"]
[PlyCount "61"]
[EventDate "2017.04.26"]
[EventType "swiss"]
[EventRounds "9"]
[EventCountry "BRA"]
[SourceTitle "CBM 178 Extra"]
[Source "ChessBase"]
[SourceDate "2017.06.22"]
[SourceVersion "1"]
[SourceVersionDate "2017.06.22"]
[SourceQuality "1"]

1. d4 d5 2. c4 e6 3. Nf3 Nf6 4. Nc3 Nbd7 5. cxd5 exd5 6. Bg5 Be7 7. e3 h6 8. Bh4 0-0 9. Qc2 c6 10. Bd3 Re8 11. 0-0 Ne4 12. Bxe7 Qxe7 13. a3 f5 14. b4 g5 15. b5 g4 16. Nd2 Ndf6 17. Ne2 c5 18. Bxe4 Nxe4 19. Nxe4 cxd4 20. N4g3 dxe3 21. fxe3 Qxe3+ 22. Kh1 Re5 23. Qc7 Be6 24. Nh5 Bf7 25. Nef4 Re7 26. Qd6 d4 27. Qxh6 Bxh5 28. Qxh5 Rh7 29. Qg6+ Kh8 30. Rae1 Qg3 31. Qxh7+ 1-0

[Event "Florianopolis Taca Cup"]
[Site "Florianopolis"]
[Date "2017.03.24"]
[Round "2"]
[White "Masselli, Eduardo"]
[Black "Mariot Vaz, Joao Antonio Bertol"]
[Result "1-0"]
[WhiteElo "1613"]
[BlackElo "1383"]
[PlyCount "43"]
[EventDate "2017.03.24"]
[EventType "swiss"]
[EventRounds "6"]
[EventCountry "BRA"]
[SourceTitle "CBM 177 Extra"]
[Source "ChessBase"]
[SourceDate "2017.04.27"]
[SourceVersion "1"]
[SourceVersionDate "2017.04.27"]
[SourceQuality "1"]

1. e4 c5 2. Nf3 d6 3. d4 cxd4 4. Nxd4 Nf6 5. Nc3 g6 6. Be3 Bg7 7. f3 Nc6 8. Qd2 0-0 9. 0-0-0 Bd7 10. g4 a6 11. h4 Ne5 12. Be2 Rc8 13. h5 Nc4 14. Bxc4 Rxc4 15. hxg6 fxg6 16. Bh6 Qc7 17. Bxg7 Kxg7 18. Qh6+ Kf7 19. g5 e5 20. gxf6 exd4 21. Qg7+ Ke6 22. Qe7# 1-0

[Event "Florianopolis op 3rd"]
[Site "Florianopolis"]
[Date "2017.01.24"]
[Round "7"]
[White "Rodrigues, Edgar"]
[Black "Masselli, Eduardo"]
[Result "1-0"]
[WhiteElo "2301"]
[BlackElo "1513"]
[PlyCount "49"]
[EventDate "2017.01.20"]
[EventType "swiss"]
[EventRounds "10"]
[EventCountry "BRA"]
[SourceTitle "CBM 176 Extra"]
[Source "ChessBase"]
[SourceDate "2017.03.02"]
[SourceVersion "1"]
[SourceVersionDate "2017.03.02"]
[SourceQuality "1"]

1. e4 Nf6 2. e5 Nd5 3. d4 d6 4. Nf3 Bg4 5. Be2 Nc6 6. e6 fxe6 7. Ng5 Bxe2 8. Qxe2 Nxd4 9. Qe4 c5 10. Nxh7 Nf6 11. Qg6+ Kd7 12. Ng5 Qe8 13. Qd3 Nd5 14. c3 Nc6 15. Nd2 Nf4 16. Qf3 e5 17. Nde4 Qh5 18. g4 Qg6 19. Bxf4 exf4 20. 0-0-0 Kc7 21. h4 e5 22. Qd3 Rd8 23. Qd5 Re8 24. h5 Ne7 25. Ne6+ 1-0

[Event "Florianopolis-ch 33rd"]
[Site "Florianopolis"]
[Date "2016.06.04"]
[Round "4"]
[White "De Almeida, Cesar Ricardo"]
[Black "Masselli, Eduardo"]
[Result "0-1"]
[WhiteElo "1578"]
[BlackElo "1574"]
[PlyCount "60"]
[EventDate "2016.06.03"]
[EventType "swiss"]
[EventRounds "6"]
[EventCountry "BRA"]
[SourceTitle "CBM 172 Extra"]
[Source "ChessBase"]
[SourceDate "2016.06.21"]
[SourceVersion "1"]
[SourceVersionDate "2016.06.21"]
[SourceQuality "1"]

1. d4 d5 2. Nf3 Nf6 3. Bf4 e6 4. e3 Nbd7 5. Be2 c5 6. c3 Be7 7. h3 0-0 8. 0-0 b6 9. Nbd2 Bb7 10. Qc2 h6 11. Ne5 Nxe5 12. Bxe5 Nd7 13. Bh2 Rc8 14. Rac1 f5 15. Nf3 Bf6 16. Qa4 a6 17. b4 b5 18. Qb3 c4 19. Qc2 a5 20. a3 axb4 21. axb4 Ra8 22. Ra1 Qe7 23. Ne5 Nxe5 24. Bxe5 Bxe5 25. dxe5 Qc7 26. f4 Qb6 27. Qd2 Ra7 28. Qd4 Qxd4 29. exd4 Rfa8 30. Rfc1 Rxa1 0-1

[Event "Florianopolis-ch 33rd"]
[Site "Florianopolis"]
[Date "2016.06.04"]
[Round "3"]
[White "Masselli, Eduardo"]
[Black "Marques Junior, Marcos Antonio"]
[Result "0-1"]
[WhiteElo "1574"]
[BlackElo "1658"]
[PlyCount "62"]
[EventDate "2016.06.03"]
[EventType "swiss"]
[EventRounds "6"]
[EventCountry "BRA"]
[SourceTitle "CBM 172 Extra"]
[Source "ChessBase"]
[SourceDate "2016.06.21"]
[SourceVersion "1"]
[SourceVersionDate "2016.06.21"]
[SourceQuality "1"]

1. e4 c5 2. Nf3 d6 3. d4 cxd4 4. Nxd4 Nf6 5. Nc3 g6 6. f3 Bg7 7. Be3 0-0 8. Qd2 Nc6 9. Nxc6 bxc6 10. Be2 Be6 11. 0-0 Re8 12. Bh6 Qb6+ 13. Kh1 Qxb2 14. Bxg7 Kxg7 15. h3 Qb7 16. Rab1 Qd7 17. Rfd1 Red8 18. Rb2 Rab8 19. Rdb1 Qc7 20. g4 Nd7 21. f4 Nb6 22. Qd4+ Kg8 23. f5 Bd7 24. h4 d5 25. h5 dxe4 26. Qxe4 Nd5 27. Nxd5 cxd5 28. Qxe7 Rxb2 29. Rxb2 Re8 30. Qg5 Rxe2 31. h6 Qh2# 0-1

[Event "Florianopolis op 2nd"]
[Site "Florianopolis"]
[Date "2016.01.18"]
[Round "4"]
[White "Leao, Flavio Sanchez"]
[Black "Masselli, Eduardo"]
[Result "1-0"]
[WhiteElo "1818"]
[BlackElo "1581"]
[PlyCount "85"]
[EventDate "2016.01.16"]
[EventType "swiss"]
[EventRounds "10"]
[EventCountry "BRA"]
[SourceTitle "CBM 170 Extra"]
[Source "ChessBase"]
[SourceDate "2016.02.25"]
[SourceVersion "1"]
[SourceVersionDate "2016.02.25"]
[SourceQuality "1"]

1. e4 Nf6 2. Nc3 d5 3. exd5 Nxd5 4. d4 e6 5. Nf3 Nc6 6. Bb5 a6 7. Ba4 Bb4 8. Bd2 0-0 9. Bxc6 bxc6 10. Ne4 Bd6 11. 0-0 Rb8 12. c4 Nb4 13. Bc3 a5 14. a3 Na6 15. Ne5 Qh4 16. Nxd6 cxd6 17. Nxc6 Rb6 18. Nxa5 Qg5 19. Qf3 Nc7 20. Qe3 Qxe3 21. fxe3 Bd7 22. b4 Ra8 23. b5 d5 24. a4 dxc4 25. Nxc4 Rbb8 26. Ne5 Be8 27. Nc4 Nd5 28. Bd2 Ra7 29. Nd6 Kf8 30. Nxe8 Kxe8 31. Rfc1 Kd7 32. Rc5 Nb6 33. a5 Nd5 34. b6 Nxb6 35. Rb1 Na4 36. Rxb8 Nxc5 37. dxc5 Kc6 38. Kf2 Rd7 39. Bc3 Rd1 40. Rb6+ Kc7 41. Be5+ Kc8 42. c6 Rd5 43. Rb8# 1-0

[Event "Florianopolis op 2nd"]
[Site "Florianopolis"]
[Date "2016.01.16"]
[Round "1"]
[White "Masselli, Eduardo"]
[Black "De Haro, Martim Alfonso"]
[Result "0-1"]
[WhiteElo "1581"]
[BlackElo "2054"]
[PlyCount "48"]
[EventDate "2016.01.16"]
[EventType "swiss"]
[EventRounds "10"]
[EventCountry "BRA"]
[SourceTitle "CBM 170 Extra"]
[Source "ChessBase"]
[SourceDate "2016.02.25"]
[SourceVersion "1"]
[SourceVersionDate "2016.02.25"]
[SourceQuality "1"]

1. e4 e5 2. Nf3 Nf6 3. Nxe5 d6 4. Nf3 Nxe4 5. d3 Nf6 6. Bg5 Be7 7. Be2 h6 8. Bh4 Nc6 9. h3 Bf5 10. Nc3 Qd7 11. Qd2 0-0-0 12. 0-0-0 d5 13. d4 Ne4 14. Nxe4 dxe4 15. Bxe7 exf3 16. Bxd8 fxe2 17. Qxe2 Rxd8 18. Rhe1 Qd5 19. b3 Nb4 20. c4 Qa5 21. Rd2 Nd3+ 22. Kd1 Qc3 23. Rc2 Qa1+ 24. Kd2 Qxe1+ 0-1

[Event "Florianopolis Taca op"]
[Site "Florianopolis"]
[Date "2015.10.12"]
[Round "6"]
[White "Masselli, Eduardo"]
[Black "Santana Freitas, Maria Eduarda"]
[Result "1-0"]
[WhiteElo "1627"]
[BlackElo "1724"]
[PlyCount "71"]
[EventDate "2015.10.09"]
[EventType "swiss"]
[EventRounds "6"]
[EventCountry "BRA"]
[SourceTitle "CBM 168 Extra"]
[Source "ChessBase"]
[SourceDate "2015.10.29"]
[SourceVersion "1"]
[SourceVersionDate "2015.10.29"]
[SourceQuality "1"]

1. e4 e5 2. Nf3 Nc6 3. Bc4 Nf6 4. Nc3 Nxe4 5. Nxe4 d5 6. Bb5 dxe4 7. Nxe5 Qd5 8. Nxc6 Qxb5 9. Nd4 Qc4 10. Nb3 Be6 11. d3 exd3 12. Qxd3 Bb4+ 13. Bd2 Bxd2+ 14. Qxd2 Rd8 15. Qe2 Qb4+ 16. c3 Qb6 17. 0-0 0-0 18. Qc2 Bd5 19. Nd4 Qg6 20. Qxg6 fxg6 21. Rfe1 Rfe8 22. f3 Rxe1+ 23. Rxe1 Bxa2 24. Ra1 Bd5 25. Rxa7 Kf7 26. Kf2 c5 27. Nc2 Bc6 28. Ke1 Re8+ 29. Kd2 Rd8+ 30. Ke2 Re8+ 31. Kd2 Rd8+ 32. Ke2 Re8+ 33. Ne3 Bb5+ 34. Kf2 Bc6 35. Nc4 Rd8 36. Ne5+ 1-0

[Event "Florianopolis Cordioli Memorial"]
[Site "Florianopolis"]
[Date "2015.07.04"]
[Round "4.40"]
[White "Da Silva, Esequiel Luis Melo"]
[Black "Masselli, Eduardo"]
[Result "1-0"]
[WhiteElo "1682"]
[BlackElo "1795"]
[PlyCount "57"]
[EventDate "2015.07.03"]
[EventType "swiss"]
[EventRounds "7"]
[EventCountry "BRA"]
[SourceTitle "EXT 2022"]
[Source "ChessBase"]
[SourceDate "2021.10.06"]
[SourceVersion "1"]
[SourceVersionDate "2021.10.06"]
[SourceQuality "1"]

1. Nf3 d5 2. g3 c5 3. Bg2 Nc6 4. 0-0 Nf6 5. d4 e6 6. c4 h6 7. cxd5 exd5 8. Ne5 Nxd4 9. e3 Ne6 10. Qa4+ Bd7 11. Nxd7 Qxd7 12. Qxd7+ Nxd7 13. Bxd5 0-0-0 14. Nc3 Nb6 15. Be4 g6 16. a4 a6 17. b3 f5 18. Bf3 Bg7 19. Bb2 Ng5 20. Bg2 Rd3 21. Rac1 c4 22. a5 Bxc3 23. Bxc3 Re8 24. axb6 cxb3 25. Bf6+ Kb8 26. Rc7 Rd6 27. Rxb7+ Kc8 28. Rc1+ Rc6 29. Bxc6 1-0